Logo BPK

Bibliografia Prac Pracowników

Politechniki Koszalińskiej

Wartości patriotyczne rodziny podstawą zachowania tożsamości narodowej / (Rekord nr 9266)

Szczegóły MARC
000 -ETYKIETA REKORDU
podpole kontrolne o stałej długości 00689naa a22001697i 4500
001 - NUMER KONTROLNY REKORDU
podpole kontrolne 9266
003 - IDENTYFIKATOR NUMERU KONTROLNEGO REKORDU
podpole kontrolne KOSZ 005
005 - DATA OSTATNIEJ MODYFIKACJI REKORDU
podpole kontrolne 20180322093200.0
008 - POLE O STAŁEJ DŁUGOŚCI - DANE KONTROLNE
podpole kontrolne o stałej długości 160308s2009 ||||| ||||0|| 0 pol
040 ## - ŹRÓDŁO KATALOGOWANIA
Instytucja, która utworzyła rekord KOSZ 005/EG
Instytucja, która sporządziła opis KOSZ 005
041 0# - KOD JĘZYKA
Kod języka tekstu pol
100 1# - NAZWA OSOBOWA
Nazwa osobowa SKRZYPNIAK, Ryszard.
Lata pracy 1996 - .
Instytucja Politechnika Koszalińska - Wydział Mechaniczny,
Wydział Katedra Nauk Pedagogicznych
245 10 - TYTUŁ/ODPOWIEDZIALNOŚĆ
Tytuł Wartości patriotyczne rodziny podstawą zachowania tożsamości narodowej /
Pozostałe elementy strefy tytułu i oznaczenia odpowiedzialności Ryszard Skrzypniak.
650 #0 - HASŁO PRZEDMIOTOWE W FORMIE NAZWY OGÓLNEJ LUB JEDNOSTKOWEJ
Nazwa ogólna lub geograficzna Wychowanie w rodzinie.
773 0# - TYTUŁ DOKUMENTU MACIERZYSTEGO
Wyrażenie wprowadzające W:
Tytuł Patriotyzm a wychowanie / pod red. Elwiry Jolanty Kryńskiej [et al.]. -
Adres wydawniczy Białystok : Trans Humana, 2009. -
Informacje dotyczące relacji s. 466-474
942 ## - HASŁO DODATKOWE - ELEMENTY(KOHA)
Typ dokumentu Rozdział
Schemat klasyfikacji Uniwersalna klasyfikacja dziesiętna

Brak dostępnych egzemplarzy.

© 2014 Biblioteka Politechniki Koszalińskiej :: BIBLIOGRAFIA PRAC PRACOWNIKÓW